000 00548nam a2200169Ia 4500
008 090711s9999 xx 000 0 und d
082 _b60881
100 _aबिनीवाले अविनाश
245 _aगरुडांSया देशात
260 _c1988
300 _a108
600 _aबिनीवाले अविनाश
630 _aगरुडांSया देशात
700 _aबिनीवाले अविनाश
730 _aगरुडांSया देशात
942 _cBOOK
999 _c291658
_d291658